000 01368cam a2200265 a 4500
003 EG-GiCUC
005 20250223032503.0
008 191219s1986 ua f m 000 0 ara d
040 _aEG-GiCUC
_bara
_cEG-GiCUC
041 0 _aara
049 _aاهداء
097 _aدكتوراه
099 _aCai01.34.Ph.D.1986.فت.ش
100 0 _aفتحية حسين عبدالغفور عطار
245 1 0 _aشرح نجم الدين القمولى على الكافية :
_bتحقيق و دراسة من أول الكتاب الى أول المنصوبات /
_cفتحية حسين عبدالغفور عطار ؛ إشراف على محمد أبوالمكارم
260 _aمكة المكرمة :
_bفتحية حسين عبدالغفور عطار :
_c[1986]
300 _a645ورقة ؛
_c30سم
500 _aإهداء من مكتبة الأستاذ الدكتور على أبوالمكارم
502 _aاطروحة (دكتوراه) - المملكة العربية السعودية - وزارة التعليم العالى - جامعة أم القرى - كلية اللغة العربية - قسم الدراسات العليا للتربية - فرع النحو
700 0 _aعلى محمد أبوالمكارم :
_eمشرف
856 _uhttp://172.23.153.220/th.pdf
905 _aNazla
_eRevisor
905 _aSamia
_eCataloger
942 _2ddc
_cTH
999 _c76004
_d76004